000 01263nam2a22002411 4500
001 rc\403288
005 20250621134423.0
035 _a(NLR Aleph) 005805732
090 _a5341739
_c5341739
100 _a20030616d1989 |||y0rusy50 ca
101 0 _arus
102 _aRU
105 _ay |||||||||
200 0 _aЧ. 2
210 _d1989
_aБ. м.
215 _a173 с.
461 0 _1001rc\403286
_12001#$aТрудовой коллектив: история и современность$eМежкаф.-спецкурс для аспирантов$e[В 2 ч.]$fАкад. обществ. наук при ЦК КПСС. Каф. идеол. работы$vЧ. 2
_1700#1$3RU\NLR\AUTH\7731647$aИванов$bВ. Н.$cд-р филос. наук$gВалентин Николаевич$f1936-
_95341723
_aИванов, В. Н. (д-р филос. наук ; 1936-)
_cМ.
_d1989
_fАкад. обществ. наук при ЦК КПСС. Каф. идеол. работы
_nАОН
_oМежкаф.-спецкурс для аспирантов : [В 2 ч.]
_tТрудовой коллектив: история и современность
_vЧ. 2
801 0 _aRU
_bNLR
_gpsbo
801 1 _aRU
_bELAR
_2rusmarc
852 _aNLR
_j90-3/7544
942 _cBOOK
980 _aNB